000 01101nam a2200241 a 4500
008 100119s2008 ||||||||||||||||| || u
020 _a9780340957165
050 _aGF 41 Mid
100 _aMiddleton, Nick
245 1 4 _aThe global casino: an introduction to environmental issues. -- 4th ed.
_cby Nick Middleton
250 _a4th ed.
260 _aLondon:
_bHodder Arnold
_c2008
300 _avi, 505p.: ill.
350 _a0.00
500 _aIncludes Bibliography
650 _aECOLOGY
650 0 _aHUMAN ECOLOGY
650 0 _aENVIRONMENTAL POLICY--MACEDONIA
650 0 _aENVIRONMENTALISM
995 _aMAIN LIBRARY OPEN ACCESS
_e742905
_FCBU-MAIN LIBRARY (Kitwe)
_I0.00
_jGF 41 Mid
_M2
_UAVAILABLE
_WJun 26, 2012
_y742905
_ZMain Library Open Access Collection
995 _aMAIN LIBRARY OPEN ACCESS
_D0.00
_e741051
_FCBU-MAIN LIBRARY (Kitwe)
_H1
_I0.00
_jGF 41 MID
_M1
_UAVAILABLE
_WMar 10, 2010
_y741051
_ZMain Library Open Access Collection
995 _aMAIN LIBRARY OPEN ACCESS
_e742906
_FCBU-MAIN LIBRARY (Kitwe)
_I0.00
_jGF 41 Mid
_M3
_UAVAILABLE
_WJun 26, 2012
_y742906
_ZMain Library Open Access Collection
999 _c75916
_d75916